000 00311nam a2200133Ia 4500
100 _aKhurmi/R.S
942 _cBK
654 _amechanics
245 _aHydralic fluid mechanics and hydraulic machines
260 _bS.Chand and Co.
_aNew Dellhi
_c1985
082 _a532
_bKHU
300 _a982
546 _aENGLISH
999 _c33610
_d33610